000 00552nam a2200217Ia 4500
003 OSt
005 20220928144317.0
006 a|||||r|||| 00| 0
007 ta
008 220927b |||||||| |||| 00| 0 hin d
024 _a64325
037 _cTextual
040 _aSDCL
_cSDCL
_bhin
041 _2hin
_ahin
082 _aT.2'N<-A, N6
100 _aJha Nagerndra
_9507546
245 0 _aVadic shiksha padti aur adhunik shiksha padti
260 _c1996
942 _hT.2'N<-A, N6
_cTEXL
_2CC
999 _c826945
_d826945